| 000 | 00000nam##2200000za#4500 |
| 001 | 9.633962 |
| 003 | CaOODSP |
| 005 | 20220328113303 |
| 007 | cr ||||||||||| |
| 008 | 150407|2007||||xxc|||||o f|0| 0 fre|d |
| 020 | |a978-0-662-73911-1 |
| 040 | |aCaOODSP|bfre |
| 043 | |an-cn--- |
| 086 | 1 |aIu44-40/2007F-PDF |
| 110 | 1 |aCanada. |bIndustrie Canada. |
| 245 | 10|aÉvaluation des cartes routières technologiques : |h[ressource électronique]|bun cadre pour le suivi et la mesure des résultats |
| 260 | |aOttawa - Ontario : |bIndustrie Canada |c[2007]. |
| 300 | |a40p.|btableaux |
| 500 | |aLe n° de catalogue (Iu44-40/2007F) et l'ISBN (978-0-662-69708-4) de l'édition imprimée ont été incorrectement copiés dans la version PDF. |
| 590 | |a12-22-Supp|b2012-05-24 |
| 691 | 07|aPolitique technologique|2gcpds |
| 775 | 08|tEvaluating technology roadmaps : |w(CaOODSP)9.689564 |
| 856 | 40|ahttp://publications.gc.ca|qPDF|s941 Ko|uhttps://publications.gc.ca/collections/collection_2012/ic/Iu44-40-2007-fra.pdf |
| 986 | |aIC 60193 |